Report Open Access
SomNOG
<?xml version='1.0' encoding='UTF-8'?>
<record xmlns="http://www.loc.gov/MARC21/slim">
<leader>00000nam##2200000uu#4500</leader>
<datafield tag="980" ind1=" " ind2=" ">
<subfield code="a">publication</subfield>
<subfield code="b">report</subfield>
</datafield>
<datafield tag="245" ind1=" " ind2=" ">
<subfield code="a">SomNOG4 Report 2019</subfield>
</datafield>
<datafield tag="260" ind1=" " ind2=" ">
<subfield code="c">2019-11-16</subfield>
</datafield>
<datafield tag="520" ind1=" " ind2=" ">
<subfield code="a"><p>SomNOG4 is the 4th Annual conference organized by Somali Network Operators Group. The fourth event for SomNOG4 was two-day conference accompanied by 4 days of workshops. The workshop was hosted by the <a href="https://snu.edu.so/">Somali National University</a> from 19 &ndash; 22 October, 2019, and the conference took place at Green Paradise Hotel, Mogadishu. SomNOG4 brought together more than 170 participants from local operators, policy makers, Internet Service providers, regulators, universities&rsquo; administrators, and students in addition to other individuals interested in Internet community in Somalia. The meeting discussed different topics such as critical infrastructure development, skills and capacity development, policies and innovation.</p>
<p>The report consists of three main sections focusing on the workshop activities, the conference and the overall outcomes of these events. It also includes a summary income and expenditure statement for the event to ensure the transparency of SomNOG&rsquo;s activities and develop the trust and support of the current and future sponsors.</p></subfield>
</datafield>
<datafield tag="980" ind1=" " ind2=" ">
<subfield code="a">user-somnog</subfield>
</datafield>
<datafield tag="980" ind1=" " ind2=" ">
<subfield code="a">user-sorer</subfield>
</datafield>
<datafield tag="773" ind1=" " ind2=" ">
<subfield code="a">10.20374/sorer/153</subfield>
<subfield code="i">isVersionOf</subfield>
<subfield code="n">doi</subfield>
</datafield>
<datafield tag="100" ind1=" " ind2=" ">
<subfield code="a">SomNOG</subfield>
<subfield code="u">SomNOG4</subfield>
</datafield>
<datafield tag="856" ind1="4" ind2=" ">
<subfield code="s">12703776</subfield>
<subfield code="u">https://sorer.somaliren.org.so/record/154/files/SomNOG4 - Report 2019.pdf</subfield>
<subfield code="z">md5:decdb74e807b79dba2e8dd19d549902c</subfield>
</datafield>
<controlfield tag="005">20210624112046.0</controlfield>
<datafield tag="653" ind1=" " ind2=" ">
<subfield code="a">SomNOG4</subfield>
</datafield>
<datafield tag="653" ind1=" " ind2=" ">
<subfield code="a">Report</subfield>
</datafield>
<datafield tag="653" ind1=" " ind2=" ">
<subfield code="a">Conference</subfield>
</datafield>
<datafield tag="653" ind1=" " ind2=" ">
<subfield code="a">Workshops</subfield>
</datafield>
<datafield tag="024" ind1=" " ind2=" ">
<subfield code="a">10.20374/sorer/154</subfield>
<subfield code="2">doi</subfield>
</datafield>
<datafield tag="542" ind1=" " ind2=" ">
<subfield code="l">open</subfield>
</datafield>
<datafield tag="540" ind1=" " ind2=" ">
<subfield code="u">http://www.opendefinition.org/licenses/cc-by</subfield>
<subfield code="a">Creative Commons Attribution</subfield>
</datafield>
<datafield tag="650" ind1="1" ind2="7">
<subfield code="a">cc-by</subfield>
<subfield code="2">opendefinition.org</subfield>
</datafield>
<controlfield tag="001">154</controlfield>
</record>
| All versions | This version | |
|---|---|---|
| Views | 299 | 299 |
| Downloads | 203 | 203 |
| Data volume | 2.6 GB | 2.6 GB |
| Unique views | 202 | 202 |
| Unique downloads | 190 | 190 |